Intermittency in Transitional Shear Flows (Record no. 16250)

MARC details
000 -LEADER
fixed length control field 00953nam a2200133Ia 4500
008 - FIXED-LENGTH DATA ELEMENTS--GENERAL INFORMATION
fixed length control field 220615s9999||||xx |||||||||||||| ||und||
020 ## - INTERNATIONAL STANDARD BOOK NUMBER
International Standard Book Number 9783040000000
245 #0 - TITLE STATEMENT
Title Intermittency in Transitional Shear Flows
546 ## - LANGUAGE NOTE
Language note English[eng]
650 ## - SUBJECT ADDED ENTRY--TOPICAL TERM
Topical term or geographic name entry element subcritical phenomenon||transition to turbulence||direct numerical simulation||spatio-temporal intermittency||channel flow||hibernating turbulence||hot-film anemometry||turbulence||turbulent bands||obliqueness||advection speed||wave generation||inflectional instability||transition to/from turbulence||wall-bounded shear flow||plane Poiseuille flow||spatiotemporal intermittency||directed percolation||critical phenomena||subcritical transition||turbulence fraction||moment||unsteady shear flow||turbulence intermittency||helical instability||puff dynamics||phase transition||Couette flow||lifetimes||n/a
700 ## - ADDED ENTRY--PERSONAL NAME
Personal name Duguet, Yohann
856 ## - ELECTRONIC LOCATION AND ACCESS
Uniform Resource Identifier <a href="https://mdpi.com/books/pdfview/book/3953">https://mdpi.com/books/pdfview/book/3953</a>
942 ## - ADDED ENTRY ELEMENTS (KOHA)
Koha item type E-Books
Holdings
Withdrawn status Lost status Damaged status Not for loan Home library Current library Date acquired Total Checkouts Date last seen Price effective from Koha item type
        Kerala University of Digital Sciences, Innovation and Technology Knowledge Centre Kerala University of Digital Sciences, Innovation and Technology Knowledge Centre 15/06/2022   15/06/2022 15/06/2022 E-Books